000 01584nam a2200433 c 4500
001 60666
003 CO-BoRNBP
005 20260312163340.0
007 ta
008 201026s2020 ck a j 000 fdspa d
020 _a9584281879
020 _a9789584281876
040 _aCO-BoRNBP
_bspa
_erda
_cCO-BoRNBP
041 _aspa
084 _aNG ADA
100 _aAdán, Oscar,
_d1980-
_eaut
_969404
245 1 0 _aMaría de Jorge Isaacs :
_bnovela gráfica /
_cguión Oscar Adán ; ilustraciones de Book and Play Studio.
250 _aPrimera edición
264 1 _aBogotá, Colombia :
_bPlaneta colombiana,
_c2020
300 _a79 páginas :
_bilustraciones a color
336 _2rdacontent
_atexto
_btxt
337 _2rdamedia
_asin mediación
_bn
338 _2rdacarrier
_avolumen
_bnc
490 0 _aPlaneta Comic
521 _aRecomendado para un público mayor de 15 años
545 _aIncluye datos biográficos del autor e ilustrador en la solapa y en la contra carátula
600 1 7 _aIsaacs, Jorge
_tMaría
_xAdaptaciones literarias
_969405
650 0 4 _aNovela gráfica colombiana
_ySiglo XX
_2LEMB
_91676
650 0 7 _aProblemas sociales
_vNovela gráfica
_2lemb
_969406
650 0 7 _aRomanticismo
_vNovela gráfica
_2lemb
_969407
650 0 7 _aAmor
_vNovela gráfica
_2LEMB
_969408
650 0 4 _aLiteratura colombiana
_vAdaptaciones
_2LEMB
_969409
655 _aNovela gráfica
_963212
655 _aNovela gráfica
_963212
655 _aNovela gráfica
_963212
655 _aAdaptaciones
_969410
710 1 _aBook and Play Studios
_eill
_969411
942 _2loc
_cBKLIT
999 _c60666
_d60666